| 000 | 01065cam a2200337 a 4500 | ||
|---|---|---|---|
| 001 | 59682 | ||
| 003 | CO-BoRNBP | ||
| 005 | 20251029142331.0 | ||
| 007 | ta | ||
| 008 | 911007s1991 ck gr 00010 spa d | ||
| 020 | _a958020506X | ||
| 040 |
_ala _bspa _cCO-BoBLA |
||
| 041 | 0 | _aspa | |
| 082 | 0 | 4 |
_aCo860.4 _bG67a _219 ed. |
| 100 | 1 |
_aGordillo, Ana Paulina. _966337 |
|
| 240 | 1 | 0 | _aBogotá-Bibliografía regional |
| 245 | 1 | 0 |
_aAnálisis de siervo sin tierra : _bEduardo Caballero Calderón (Colombia) / _cAna Paulina Gordillo. |
| 250 | _aEditores Carlos Sánchez L., Edgar Ordóñez N. | ||
| 300 |
_a109 p ; _c21 cm. |
||
| 336 |
_2rdacontent _atexto _btxt |
||
| 337 |
_2rdamedia _asin mediación _bn |
||
| 338 |
_2rdacarrier _avolumen _bnc |
||
| 490 | 1 | _aColección centro literario | |
| 504 | _aIncluye bibliografía. | ||
| 630 | 7 |
_aSiervo sin tierra _x Análisis literario. _966338 |
|
| 650 | _2LEMB | ||
| 700 | 1 |
_aSánchez Lozano, Carlos, _eed. _966339 |
|
| 700 | 1 |
_aOrdóñez N., Edgar, _eed. _966340 |
|
| 942 |
_2ddc _cBK |
||
| 949 |
_ac _bc |
||
| 999 |
_c59682 _d59682 |
||